Seis mujeres poetas : (Registro nro. 8168)

Detalles MARC
000 -LIDER
fixed length control field 01611nam a2200445 a 4500
001 - NÚMERO DE CONTROL
Identificador de número de control 000011016
003 - IDENTIFICACDOR DE NÚMERO DE CONTROL
control field DO-SdBNP
005 - DATE AND TIME OF LATEST TRANSACTION
control field 20180322095635.0
007 - CAMPOS FIJOS DE DESCRIPCIÓN FÍSICA
fixed length control field 000011016
008 - ELEMENTOS DE LONGITUD FIJA
fixed length control field 091013t1989 dr 001 p spa d
040 ## - FUENTE DE CATALOGACIÓN
Agencia que crea de manera original el registro BPMUSU
Idioma de catalogación spa
Agencia que realiza la transcripción BPMSU
049 ## - LOCAL HOLDINGS (OCLC)
Holding library BNPD
082 ## - NÚMERO DE CLASIFICACIÓN DECIMAL DE DEWEY
Classification number RD861.4408
Item number S462m
245 00 - MENCIÓN DE TITULO
Título Seis mujeres poetas :
Subtítulo homenaje a Salomé Ureña /
Mención de responsabilidad Marianela Medrano ... [et al.] ; selección y presentación Mateo Morrison.
260 0# - PUBLICACIÓN, DISTRIBUCIÓN, ETC. (PIE DE IMPRENTA)
Lugar de publicación, distribución, etc Santo Domingo :
Nombre del editor, distribuidor, etc. Universitaria UASD,
Fecha de publicación, distribución, etc 1989.
300 ## - DESCRIPCIÓN FÍSICA
Extensión 101 p. ;
Dimensiones 22 cm.
490 1# - MENCIÓN DE SERIES
Mención de serie Publicaciones de la Universidad Autónoma de Santo Domingo
Volume/sequential designation 609
490 1# - MENCIÓN DE SERIES
Mención de serie Literatura y sociedad
Volume/sequential designation 5
650 #4 - ENCABEZAMIENTO DE MATERIA--TEMÁTICO
Término temático o nombre geográfico como elemento de entrada POESÍA DOMINICANA
Subdivisión temática general COLECCIONES
650 #4 - ENCABEZAMIENTO DE MATERIA--TEMÁTICO
Término temático o nombre geográfico como elemento de entrada LITERATURA DOMINICANA
650 #4 - ENCABEZAMIENTO DE MATERIA--TEMÁTICO
Término temático o nombre geográfico como elemento de entrada POETISAS DOMINICANAS
700 12 - ASIENTO SECUNDARIO -- NOMBRE PERSONAL
Nombre personal Morrison, Mateo,
Fechas asociadas con el nombre 1947-
Mención de responsabilidad comp.
700 12 - ASIENTO SECUNDARIO -- NOMBRE PERSONAL
Nombre personal Medrano, Manianela,
Fechas asociadas con el nombre 1964-
700 12 - ASIENTO SECUNDARIO -- NOMBRE PERSONAL
Nombre personal Sánchez, Carmen,
Fechas asociadas con el nombre 1960-
700 12 - ASIENTO SECUNDARIO -- NOMBRE PERSONAL
Nombre personal Arias, Aurora,
Fechas asociadas con el nombre 1962-
700 12 - ASIENTO SECUNDARIO -- NOMBRE PERSONAL
Nombre personal Hernández, Ángela,
Fechas asociadas con el nombre 1945 -
700 12 - ASIENTO SECUNDARIO -- NOMBRE PERSONAL
Nombre personal Román, Sabrina,
Fechas asociadas con el nombre 1956-
700 12 - ASIENTO SECUNDARIO -- NOMBRE PERSONAL
Nombre personal Santos, Yrene,
Fechas asociadas con el nombre 1964-
710 22 - ASIENTO SECUNDARIO -- NOMBRE CORPORATIVO
Nombre corporativo o de jurisdicción Universidad Autónoma de Santo Domingo
830 #0 - ASIENTO SECUNDARIO DE SERIE--TÍTULO UNIFORME
Título uniforme Publicaciones de la Universidad Autónoma de Santo Domingo ;
Número de la parte o sección de una obra 609
830 #0 - ASIENTO SECUNDARIO DE SERIE--TÍTULO UNIFORME
Título uniforme Literatura y sociedad
Número de la parte o sección de una obra 5
910 ## - VALIDACIÓN
Validación Validado. Control de calidad EMS.
942 ## - ADDED ENTRY ELEMENTS (KOHA)
Source of classification or shelving scheme Dewey Decimal Classification
Koha item type Libros
945 ## - INFORMACIÓN DE PROCESAMIENTO LOCAL
Información de procesamiento local Inventariado, 2018 / BT
956 ## - LOCAL ELECTRONIC LOCATION AND ACCESS (OCLC)
Nombre de host NMORDAN
Número de acceso 10
Información de compresión 20091016
Inicio de sesión BND01
Procesador de solicitud 1121
956 ## - LOCAL ELECTRONIC LOCATION AND ACCESS (OCLC)
Nombre de host DGARCIA
Número de acceso 10
Información de compresión 20091016
Inicio de sesión BND01
Procesador de solicitud 1154
956 ## - LOCAL ELECTRONIC LOCATION AND ACCESS (OCLC)
Nombre de host MFILETO
Número de acceso 10
Información de compresión 20091022
Inicio de sesión BND01
Procesador de solicitud 1213
956 ## - LOCAL ELECTRONIC LOCATION AND ACCESS (OCLC)
Nombre de host MMOLINA
Número de acceso 40
Información de compresión 20131112
Inicio de sesión BND01
Procesador de solicitud 1314
956 ## - LOCAL ELECTRONIC LOCATION AND ACCESS (OCLC)
Nombre de host VMATEO
Número de acceso 10
Información de compresión 20150811
Inicio de sesión BPMSU
Procesador de solicitud 00151
Existencias
Withdrawn status Lost status Source of classification or shelving scheme Damaged status Not for loan Collection code Home library Current library Date acquired Total Checkouts Full call number Barcode Date last seen Price effective from Koha item type
    Dewey Decimal Classification     Colección Dominicana Biblioteca Pública Metropolitana Salomé Ureña Biblioteca Pública Metropolitana Salomé Ureña 08/11/2015   RD861.4408 S462m BPMSU15080284 08/11/2015 08/11/2015 Libros